| 000 | 00000nam 2200000za 4500 |
| 001 | 9.679870 |
| 003 | CaOODSP |
| 005 | 20200421163627 |
| 007 | ta |
| 008 | 150407|1995||||xxc||||| f|0| 0 fre d |
| 020 | |a0-662-81501-7 |
| 040 | |aCaOODSP|bfre |
| 043 | |an-cn--- |
| 086 | 1 |aNH15-139/1995F |
| 245 | 00|aProtocole d'évaluation du support communautaire des personnes seules marginalisées dans le cadre du logement social / |cpar Norma Drolet et al. |
| 260 | |aOttawa - Ontario : |bSociété canadienne d'hypothèques et de logement |c1995. |
| 300 | |a26p.|bfigure, tableaux |
| 500 | |a«Ce document présent un plan de recherche élaboré par la Fédération des organismes sans but lucratif d'habitation de Montréal et le CLSC Plateau Mont-Royal afin de déterminer dans quelle mesure il est efficace d'offrir, dans le cadre du logement social, des services de support communautaire aux personnes seules à faible revenu et à risque de marginalisation.»--Page 1. |
| 504 | |aBibliographie. |
| 520 | 3 |aCe document présent un plan de recherche élaboré par la Fédération des organismes sans but lucratif d'habitation de Montréal et le CLSC Plateau Mont-Royal afin de déterminer dans quelle mesure il est efficace d'offrir, dans le cadre du logement social, des services de support communautaire aux personnes seules à faible revenu et à risque de marginalisation.--Page 1 |
| 563 | |aCouverture souple |
| 590 | |a96-34|b1996-08-23 |
| 691 | 07|aLogement|2gcpds |
| 710 | 2 |aSociété canadienne d'hypothèques et de logement. |
| 720 | 1 |aDrolet, Norma |
| 775 | 08|tAn evaluation protocol for community supports for marginalized singles in social housing / |w(CaOODSP)9.646312 |
| 776 | 0#|tProtocole d'évaluation du support communautaire des personnes seules marginalisées dans le cadre du logement social |w(CaOODSP)9.846856 |